LEADER 01393oam 2200421Ia 450 001 9910696152603321 005 20070924140905.0 035 $a(CKB)5470000002375285 035 $a(OCoLC)150863427 035 $a(EXLCZ)995470000002375285 100 $a20070703d2006 ua 0 101 0 $aeng 135 $aurmn||||m|||| 181 $ctxt$2rdacontent 182 $cc$2rdamedia 183 $acr$2rdacarrier 200 10$aInventory of glaciers in the Sierra Nevada, California$b[electronic resource] /$fby William Raub, C. Suzanne Brown, and Austin Post 210 1$aReston, Va. :$cU.S. Geological Survey,$d2006. 215 $a1 electronic text (232 pages) $cHTML, digital, PDF file 225 1 $aOpen-file report ;$v2006-1239 300 $aTitle from PDF title screen (viewed on July 2, 2007). 300 $aIncludes plates. 320 $aIncludes bibliographical references. 606 $aGlaciers$zCalifornia 606 $aGlaciers$zSierra Nevada (Calif. and Nev.) 615 0$aGlaciers 615 0$aGlaciers 700 $aRaub$b William$01393477 701 $aBrown$b C. S$01393478 701 $aPost$b Austin$01393479 712 02$aGeological Survey (U.S.) 801 0$bGIS 801 1$bGIS 801 2$bGPO 906 $aBOOK 912 $a9910696152603321 996 $aInventory of glaciers in the Sierra Nevada, California$93449655 997 $aUNINA